High-Level Committee on Union-State Relations (PART-i) (Record no. 9600)

MARC details
000 -LEADER
fixed length control field 00478nam a22001697a 4500
005 - DATE AND TIME OF LATEST TRANSACTION
control field 20260402161048.0
008 - FIXED-LENGTH DATA ELEMENTS--GENERAL INFORMATION
fixed length control field 260402b |||||||| |||| 00| 0 eng d
020 ## - INTERNATIONAL STANDARD BOOK NUMBER
International Standard Book Number 9789369524433
082 ## - DEWEY DECIMAL CLASSIFICATION NUMBER
Classification number 342.042 GOTN
100 ## - MAIN ENTRY--PERSONAL NAME
Main Author Name Government of Tamilnadu
245 ## - TITLE STATEMENT
Title High-Level Committee on Union-State Relations (PART-i)
250 ## - EDITION STATEMENT
Edition 1st
260 ## - PUBLICATION, DISTRIBUTION, ETC.
Place of publication New Delhi:
publisher Name Bloomsbury Publishing India Pvt. Ltd,
Date of publication 2026.
300 ## - PHYSICAL DESCRIPTION
Number Of Page 387 p
650 ## - SUBJECT ADDED ENTRY--TOPICAL TERM
Keyword Union-State Relation
942 ## - ADDED ENTRY ELEMENTS (KOHA)
Koha item type Donated Book
Holdings
Lost status Source of classification or shelving scheme Not for loan Home library Current library Date last seen Koha item type School Total Checkouts Full call number Barcode Copy number Price effective from Withdrawn status Date acquired Source of acquisition Cost, normal purchase price
  Dewey Decimal Classification   BSOL BSOL 02/04/2026 Donated Book School of Law   342.042 GOTN G748 1 02/04/2026   02/04/2026 R. Srinivasan 799.00

Maintained and Designed by
2cqr automation private limited, Chennai. All Rights Reserved.

You are Visitor Number

PHP Hits Count